logo

Bir Sreshtho Munshi Abdur Rouf Library
Jhenaidah Cadet College

স্যাপিয়েন্স: (Record no. 11706)

MARC details
000 -LEADER
fixed length control field 01139nam a2200253 a 4500
001 - CONTROL NUMBER
JCCL Control Number 11706
003 - CONTROL NUMBER IDENTIFIER
JCCL marc code BD-JhCC
005 - DATE AND TIME OF LATEST TRANSACTION
control field 20221011134023.0
008 - FIXED-LENGTH DATA ELEMENTS--GENERAL INFORMATION
fixed length control field 200723b2019 bg a|||| ||a| 001 0 ben d
020 ## - INTERNATIONAL STANDARD BOOK NUMBER
International Standard Book Number 9789845063234
035 ## - SYSTEM CONTROL NUMBER
system control number (BD-JhCC)11706
040 ## - CATALOGING SOURCE
Original cataloging agency BD-JhCC
Modifying agency BD-JhCC
041 ## - LANGUAGE CODE
Language code of Book ben
082 ## - DEWEY DECIMAL CLASSIFICATION NUMBER
Classification number 909
Author mark and Year HAR 2019
100 ## - MAIN ENTRY--PERSONAL NAME
Personal name হারারি, ইয়ুভাল নোয়াহ
245 ## - TITLE STATEMENT
Title স্যাপিয়েন্স:
Remainder of title মানবজাতির সংক্ষিপ্ত ইতিহাস /
Statement of responsibility, etc ইয়ুভাল নোয়াহ হারারি, অনু: সৈয়দ ফায়েজ আহমেদ ও প্রত্যাশা প্রাচুর্য ।
260 ## - PUBLICATION, DISTRIBUTION, ETC. (IMPRINT)
Place of publication, distribution, etc ঢাকা:
Name of publisher, distributor, etc ইউনিভার্সিটি প্রেস লিমিটেড;
Date of publication, distribution, etc ২০১৯.
300 ## - PHYSICAL DESCRIPTION
Pagination 486 p. :
Other physical details ill;
Dimensions 220 cm.
650 ## - SUBJECT ADDED ENTRY--TOPICAL TERM
Topical term or geographic name as entry element Human beings
General subdivision Civilization
Geographic subdivision Chronology, Historical
700 ## - ADDED ENTRY--PERSONAL NAME
Personal name আহমেদ, সৈয়দ ফায়েজ
700 ## - ADDED ENTRY--PERSONAL NAME
Personal name প্রাচুর্য, প্রত্যাশা
942 ## - ADDED ENTRY ELEMENTS (KOHA)
Source of classification or shelving scheme Dewey Decimal Classification
Koha item type Books
Koha issues (borrowed), all copies 3
Holdings
Source of classification or shelving scheme Damaged status Not for loan Home library Current library Shelving location Date of accession Cost, normal purchase price Total Checkouts Full call number Barcode Date last seen Date checked out Copy number Koha item type
Dewey Decimal Classification     JCC Rouf Library JCC Rouf Library General Stacks 07/23/2020 467.00 8 909 HAR 2019 15898 06/18/2025 04/16/2025 C-1 Books

JCC Library | Contacts | JCC Home

Last Update on 23 September 2017
Copyright @ 2017-2020 JCC Rouf Library
Rouf Library, Jhenidah Cadet College (JCC), Bangladesh